000 00625cam a2200217 a 4500
001 12624257
005 20180313095854.0
008 011218s2001 nyu d 000 0 eng
010 _a 2001278627
020 _a0439254159
040 _aDLC
_cDLC
_dDLC
041 _aeng
080 _a423.1 SCHO
082 0 0 _a423.1 SCHO
_221
100 _a23
101 _aFJA
245 0 0 _aScholastic dictionary of synonyms, antonyms, and homonyms.
906 _a7
_bcbc
_corignew
_d2
_encip
_f20
_gy-gencatlg
942 _2ddc
_cBK
999 _c44917
_d44917